000 00277nam a2200121 i 4500
001 bg
245 0 _aLaboratorium z aparatury przemysłowej.
_nCz.1.
260 _aKraków,
_c1975.
040 _cBPK
041 _apol
942 _cKS
008 s pl f |000 0 pol
999 _c27418
_d27418
856 _uhttp://koha.tu.koszalin.pl/cgi-bin/koha/opac-detail.pl?biblionumber=27418
_yKatalog online BPK